Financing human capital accumulation at higher education level (some equity considerations)
Vplyv vývoja v systémoch vysokoškolského vzdelávania v regióne strednej a východnej Európy s osobitným dôrazom na Slovensko a na prístup k vysokoškolskému vzdelávaniu znevýhodnených skupín obyvateľstva. Názor autorky článku - zavedenie poplatkov za štúdium doplnené vhodným programom finančnej pomoci...
Salvato in:
| Autore principale: | |
|---|---|
| Natura: | Capitolo di libro |
| Lingua: | inglese |
| Soggetti: | |
| Tags: |
Nessun Tag, puoi essere il primo ad aggiungerne!!
|
MARC
| LEADER | 00000nla$a2200000$$$4500 | ||
|---|---|---|---|
| 001 | 0083825 | ||
| 005 | 20240513074107.3 | ||
| 041 | 0 | |a eng | |
| 044 | |a SK | ||
| 245 | 1 | 0 | |a Financing human capital accumulation at higher education level (some equity considerations) |c Anetta Čaplánová |
| 520 | |a Vplyv vývoja v systémoch vysokoškolského vzdelávania v regióne strednej a východnej Európy s osobitným dôrazom na Slovensko a na prístup k vysokoškolskému vzdelávaniu znevýhodnených skupín obyvateľstva. Názor autorky článku - zavedenie poplatkov za štúdium doplnené vhodným programom finančnej pomoci by vytvorilo dodatočné zdroje pre skvalitnenie služieb vysokoškolského vzdelávania na verejných vysokých školách a taktiež prispelo k zlepšeniu prístupu k vysokoškolskému vzdelávaniu. Vysvetlenie k súčasnému stavu v slovenskom vysokom školstve vo vzťahu k rovnosti prístupu k vysokoškolskému vzdelávaniu. | ||
| 610 | 2 | 0 | |a vzdelávanie vysokoškolské |
| 610 | 2 | 0 | |a školy vysoké |
| 610 | 2 | 0 | |a vyučovanie |
| 610 | 2 | 0 | |a financovanie |
| 610 | 2 | 0 | |a SVE |
| 610 | 2 | 0 | |a Slovensko |
| 100 | 1 | |a Čaplánová, Anetta, 1967- | |